000 00770nam a2200241Ia 4500
003 OSt
005 20220926012201.0
006 a|||||r|||| 00| 0
007 ta
008 220923b |||||||| |||| 00| 0 eng d
020 _a1845450175
_c2990.79
037 _b4915, 06/03/2013, RAJKIRAN BOOK AGENCY
_cGeneral Book
040 _aRTL
_cRTL
_beng
041 _2eng
_aeng
082 _aY72, P6
100 _aELLEN Roy
_9249152
245 0 _aCategorical impulse
_b Essays in the anthropology of classifying behaviour.
260 _aNew York
_bBerghahn Books
_c2006
300 _axiv, 233p Bib: p 207-224
_ccm.
650 _aSociology
942 _hY72, P6
_cGB
_2CC
999 _c621989
_d621989